Reklama podnikateľských subjektov (výskum v regiónoch Košice a Linz)
Guardado en:
| Autor principal: | |
|---|---|
| Autor Corporativo: | |
| Formato: | Libro |
| Lenguaje: | eslovaco |
| Publicado: |
[Košice]
SAGEMA, Ing. Peter Šimegh, PhD.
2005
|
| Materias: | |
| Etiquetas: |
Sin Etiquetas, Sea el primero en etiquetar este registro!
|
MARC
| LEADER | 00000nam$a2200000$$$4500 | ||
|---|---|---|---|
| 001 | 0061558 | ||
| 005 | 20240502071707.2 | ||
| 020 | |a 80-968429-1-9 | ||
| 041 | 0 | |a slo | |
| 044 | |a SK | ||
| 245 | 1 | 0 | |a Reklama podnikateľských subjektov |b (výskum v regiónoch Košice a Linz) |c Peter Šimegh |
| 264 | 1 | |a [Košice] |b SAGEMA, Ing. Peter Šimegh, PhD. |c 2005 | |
| 300 | |a 140 s. | ||
| 610 | 2 | 0 | |a reklama |
| 610 | 2 | 0 | |a komunikácia marketingová |
| 610 | 2 | 0 | |a mix komunikačný |
| 610 | 2 | 0 | |a výskum |
| 610 | 2 | 0 | |a ponuka |
| 610 | 2 | 0 | |a dopyt |
| 100 | 1 | |a Šimegh, Peter | |
| 710 | 2 | |a Podnikovohospodárska fakulta EU so sídlom v Košiciach. Katedra marketingu a obchodu | |